學會專案管理的12堂課 = (Record no. 6866)

MARC details
000 -記錄標示(系統產生)
fixed length control field 00691cam a2200217Mi 4500
020 ## - ISBN
ISBN 9789864342822
價格 NT$500
100 1# - 主要款目
第一作者姓名 鍾, 文武
245 10 - 書籍基本資料
書名 學會專案管理的12堂課 =
副標題 Project management /
作者名稱 鍾文武著
250 ## - 書籍版本資料
書籍版本 初版
260 ## - 書籍出版資料
出版地 新北市 :
出版者 博碩文化,
出版年 2018[民107]
300 ## - 外觀規格(長、寬、高)
數量(面數, 冊數或其他) 1冊 :
插圖及其他 圖 ;
高廣尺寸 23公分
500 ## - 備註項
備註 含索引
500 ## - 備註項
備註 附錄: 免費排程軟體-ProjectLibre安裝與使用等3種
942 ## - 其他項目(KOHA)
分類法來源 中文圖書分類法
館藏類型設定 一般圖書
Holdings
撤銷狀態 遺失狀態 分類號來源 損壞狀態 不外借 永久館藏地 現在館藏地 書架位置 採購日期 所有借閱數 Total Renewals 完整索書號 條碼號 最後一次日期記錄 最後借出日期 一般價格有效日期 Koha館藏類型 公開資訊
未註銷館藏 未遺失 中文圖書分類法 未損毀 可外借 怡仁綜合醫院圖書館 怡仁綜合醫院圖書館   2018-09-12 6 4 494 C02446 2024-11-20 2024-10-23 2018-09-12 一般圖書 本書非常適合做為學習專案管理的第一本書,全書以豐富的案例搭配淺顯的說明方式,輕鬆引領讀者進入專案管理的領域。此外,本書亦專章介紹越來越盛行的「敏捷式專案管理」,此方法的發展係因應環境及科技的急遽變動而生。在需要快速反應市場需求的專案上,透過敏捷式手法,將能更早產出成果,整合各方資源與應變客戶需求,獲取組織利益。
怡仁醫院| 地址:32643桃園市楊梅區楊新北路321巷30號 | 服務專線:03-4855566 | 電子郵件信箱:
Copyright © 1996 CHC Hospital